Афоризмы и максимы (Запис номер 133804)
[ съкратено ]
| 000 -Лидер | |
|---|---|
| Контролно поле с фиксирана дължина | nam a22 a 4500 |
| 003 - Код на организацията, давaща контролен номер | |
| Контролно поле | BLK |
| 005 - Дата и час на последна редакция | |
| Контролно поле | 20201021123853.0 |
| 008 - Елементи от данни с фиксирана дължина | |
| fixed length control field | 180409b bul|||||r ||||||| ||bul|| |
| 010 ## - Наследен системен номер | |
| LC control number | KNG00139705000 |
| 040 ## - Източник на каталожния запис | |
| Идентификатор на билиотеката - собственик на записа | BLK |
| 041 ## - Код за език | |
| Код за езика на текст/звукозапис или на отделно заглавие | Руски |
| Код за езика КДБФ | Руски |
| 072 #7 - Код за тематичната категория | |
| Код организация | bullib |
| Код за тематична категория | Ц |
| Текст | Редки и ценни |
| 080 ## - УДК | |
| Текстов определител УДК | Обща история на философията |
| УДК код - определител по УДК | 101(091) |
| УДК определител | (430) |
| УДК - код + определител | 101(091)(430) |
| 080 ## - УДК | |
| Текстов определител УДК | Немска литература |
| УДК код - определител по УДК | 821.112.2 |
| УДК определител | -84 |
| УДК - код + определител | 821.112.2-84 |
| 100 1# - Редна дума - Автор | |
| Автор | Шопенгауэр, Артур |
| Авторска отговорност | първи автор |
| R(LIN) | 143912 |
| 139 ## - Редно поле | |
| Редна дума | Шопенгауэр, Артур |
| Авторски знак | Шоп - Ш 84 |
| 245 10 - Сведения за заглавието | |
| Заглавие | Афоризмы и максимы |
| Подзаглавни данни | Т. 1 - 3 |
| Редно поле (дума) | Артур Шопенгауэр; пер. и предисл. Ф. В. Черниговец; * Федор Владимирович Вишневский. |
| Том | Т. 2 |
| Заглавие на том | Мысли |
| 257 ## - Страна на издаване | |
| Страна на създаване/издаване | Германия |
| 260 ## - Област на издателските данни | |
| Име на издателя, разпространителя и проч. | А. С. Суворин |
| Година на издаване | 1886 - 1895 |
| Място на издаване, разпространение и проч. | С.-Петербург |
| 300 ## - Физическа характеристика | |
| Размери/Мащаб | 18 см |
| 380 ## - Жанр | |
| Жанр | Философия |
| 490 ## - СЕРИИ (Колекции) | |
| 9 (RLIN) | 435080 |
| Име на серия | Колекция Редки и ценни издания |
| 650 #4 - Допълнително описание по предмет – тема | |
| Основно описание – тема или топоним | Философия - морално-етични проблеми |
| 9 (RLIN) | 252115 |
| 650 #4 - Допълнително описание по предмет – тема | |
| Основно описание – тема или топоним | Философия, немска |
| 9 (RLIN) | 302861 |
| 653 ## - Ключова дума – ненормативна | |
| Ключова дума | немска философия |
| 653 ## - Ключова дума – ненормативна | |
| Ключова дума | философия на природата |
| 653 ## - Ключова дума – ненормативна | |
| Ключова дума | психология на личността |
| 653 ## - Ключова дума – ненормативна | |
| Ключова дума | мисли |
| 659 ## - Тематичен бюлетин | |
| Тематичен бюлетин | Ц |
| 700 1# - Други автори (авторска отговорност) | |
| Лично име | Черниговец, Ф. В. |
| Автороска отговорност (Описва отношението между автора и произведението) | пер. и предисл. |
| Друга информация | Вишневский, Федор Владимирович |
| 9 (RLIN) | 141498 |
| 700 1# - Други автори (авторска отговорност) | |
| Лично име | Вишневский, Федор Владимирович |
| Автороска отговорност (Описва отношението между автора и произведението) | * |
| 9 (RLIN) | 324100 |
| 760 1# - Описание на основната серия | |
| Редна дума на основното описание | Шопенгауэр, Артур |
| Място на издаване, издател и година | 1892 |
| Страници - том | 427 с., 16 с. : 1 л. портр. |
| Забележка - том | Съдържа : О бесполезности самоубийства ; Психологические заметки ; Об авторстве и слоге ; Шопенгауэр о смерти ; О неразрушимости нашего истинного существа смертью ; О подтверждении воли к жизни ; О ничтожестве и страданиях жизни ; В разъяснение этики ; К учению о праве и политике ; К учению об отрицании воли к жизни ; Очерк истории учения об идеальном и реальном. |
| Заглавие | Т. 2 Мысли |
| 852 ## - Местоположение | |
| Форматна сигнатура | Рр 886 |
| Фондова буква | Редки и ценни |
| 856 4# - Електронен адрес и достъп | |
| Електронен формат | pdf - файл |
| 999 ## - СИСТЕМНИ КОНТРОЛНИ НОМЕРА | |
| Koha biblionumber | 133804 |
| Koha biblioitemnumber | 133804 |
| 942 ## - АРТИКУЛИ | |
| Вид на библиотечния материал | Книги |
| Скрит в OPAC | Не |
| Периодичен библиозапис | Да |
| 944 ## - СЪЗДАВАНЕ И РЕДАКЦИЯ на ЗАПИСА | |
| Създаване/Редакция | Създаване |
| Дата на регистрацията/редакция | 18.02.2013 |
| Статус, дата на статуса | 18.02.2013 - от С1,Р / 18.02.2013 |
| Служител, извършил регистрацията/редакцията | Людмила_Стоянова |
| 944 ## - СЪЗДАВАНЕ И РЕДАКЦИЯ на ЗАПИСА | |
| Създаване/Редакция | Редакция |
| Дата на регистрацията/редакция | 2020-10-21 |
| 999 ## - СИСТЕМНИ КОНТРОЛНИ НОМЕРА | |
| Koha biblioitemnumber | 133804 |
| Код за отписване | Код за изгубен артикул | Източник на класификационната схема | Код за повреда | Коз за рестрикции | Код за отдаване | Артикулен № | Име на библиотеката - собственик | Име на библиотеката, в която се намира в момента | Статус (Текущо местоположение) | Дата на вписване в системата | Местоположение - отдел | Цена в лева | Инвентарен номер | Систематично азбучна сигнатура | Баркод | Номер на екземпляра | Цена в евро | Служебна бележка | Служебен тип на артикула |
|---|---|---|---|---|---|---|---|---|---|---|---|---|---|---|---|---|---|---|---|
| Не е изгубен | Universal Decimal Classification | Не е повреден | само за читалня | Специални фондове ( старопечатни, редки и ценни, фонд М. Арнаудов) | 218348 | Регионална библиотека "Любен Каравелов" Русе | Регионална библиотека "Любен Каравелов" Русе | Редки и ценни | 1892-01-01 | Редки и ценни | 0.35 | 16136-ІІ | Рр 886 | 900000036749 | 1 | 0.18 | N: стар фонд Дата: 01.01.1892 Дата инв: 15.12.2016 Бележки инв: Рц2016 | Книги |